<?xml version="1.0" encoding="UTF-8"?>
<record
    xmlns:xsi="http://www.w3.org/2001/XMLSchema-instance"
    xsi:schemaLocation="http://www.loc.gov/MARC21/slim http://www.loc.gov/standards/marcxml/schema/MARC21slim.xsd"
    xmlns="http://www.loc.gov/MARC21/slim">

  <leader>00389nam a22001577a 4500</leader>
  <controlfield tag="003">OSt</controlfield>
  <controlfield tag="005">20240409113311.0</controlfield>
  <controlfield tag="008">180919b        xxu||||| |||| 00| 0 eng d</controlfield>
  <datafield tag="020" ind1=" " ind2=" ">
    <subfield code="a"> &#x200E; 978-8185749488</subfield>
  </datafield>
  <datafield tag="040" ind1=" " ind2=" ">
    <subfield code="c">IIMT UNIVERSITY </subfield>
  </datafield>
  <datafield tag="100" ind1=" " ind2=" ">
    <subfield code="a">SINGAL R.K </subfield>
  </datafield>
  <datafield tag="245" ind1=" " ind2=" ">
    <subfield code="a">AUTOMOBILE ENGINEERING </subfield>
  </datafield>
  <datafield tag="260" ind1=" " ind2=" ">
    <subfield code="a">NEW DELHI </subfield>
    <subfield code="b">S.K KATARIA &amp; SONS </subfield>
    <subfield code="c">2017 </subfield>
  </datafield>
  <datafield tag="300" ind1=" " ind2=" ">
    <subfield code="a">364</subfield>
  </datafield>
  <datafield tag="942" ind1=" " ind2=" ">
    <subfield code="2">ddc</subfield>
    <subfield code="c">02</subfield>
  </datafield>
  <datafield tag="999" ind1=" " ind2=" ">
    <subfield code="c">44367</subfield>
    <subfield code="d">44367</subfield>
  </datafield>
  <datafield tag="952" ind1=" " ind2=" ">
    <subfield code="0">0</subfield>
    <subfield code="1">0</subfield>
    <subfield code="2">ddc</subfield>
    <subfield code="4">0</subfield>
    <subfield code="7">0</subfield>
    <subfield code="a">01</subfield>
    <subfield code="b">01</subfield>
    <subfield code="d">2018-09-19</subfield>
    <subfield code="e">BHARAT BOOKS </subfield>
    <subfield code="g">250.00</subfield>
    <subfield code="i">480/18/09/2018 </subfield>
    <subfield code="l">1</subfield>
    <subfield code="p">01-B-127322</subfield>
    <subfield code="r">2018-12-20</subfield>
    <subfield code="s">2018-10-06</subfield>
    <subfield code="u">ELECTRICAL ENGINEERING</subfield>
    <subfield code="v">250.00</subfield>
    <subfield code="w">2018-09-19</subfield>
    <subfield code="y">02</subfield>
  </datafield>
  <datafield tag="952" ind1=" " ind2=" ">
    <subfield code="0">0</subfield>
    <subfield code="1">0</subfield>
    <subfield code="2">ddc</subfield>
    <subfield code="4">0</subfield>
    <subfield code="7">0</subfield>
    <subfield code="a">01</subfield>
    <subfield code="b">01</subfield>
    <subfield code="d">2018-09-19</subfield>
    <subfield code="e">BHARAT BOOKS </subfield>
    <subfield code="g">250.00</subfield>
    <subfield code="i">480/18/09/2018 </subfield>
    <subfield code="l">2</subfield>
    <subfield code="p">01-B-127323</subfield>
    <subfield code="r">2022-03-14</subfield>
    <subfield code="s">2021-11-11</subfield>
    <subfield code="u">ELECTRICAL ENGINEERING</subfield>
    <subfield code="v">250.00</subfield>
    <subfield code="w">2018-09-19</subfield>
    <subfield code="y">02</subfield>
  </datafield>
  <datafield tag="952" ind1=" " ind2=" ">
    <subfield code="0">0</subfield>
    <subfield code="1">0</subfield>
    <subfield code="2">ddc</subfield>
    <subfield code="4">0</subfield>
    <subfield code="7">0</subfield>
    <subfield code="a">01</subfield>
    <subfield code="b">01</subfield>
    <subfield code="d">2018-09-19</subfield>
    <subfield code="e">BHARAT BOOKS </subfield>
    <subfield code="g">250.00</subfield>
    <subfield code="i">480/18/09/2018 </subfield>
    <subfield code="p">01-B-127324</subfield>
    <subfield code="r">2018-09-19</subfield>
    <subfield code="u">ELECTRICAL ENGINEERING</subfield>
    <subfield code="v">250.00</subfield>
    <subfield code="w">2018-09-19</subfield>
    <subfield code="y">02</subfield>
  </datafield>
  <datafield tag="952" ind1=" " ind2=" ">
    <subfield code="0">0</subfield>
    <subfield code="1">0</subfield>
    <subfield code="2">ddc</subfield>
    <subfield code="4">0</subfield>
    <subfield code="7">0</subfield>
    <subfield code="a">01</subfield>
    <subfield code="b">01</subfield>
    <subfield code="d">2018-09-19</subfield>
    <subfield code="e">BHARAT BOOKS </subfield>
    <subfield code="g">250.00</subfield>
    <subfield code="i">480/18/09/2018 </subfield>
    <subfield code="l">1</subfield>
    <subfield code="p">01-B-127325</subfield>
    <subfield code="r">2018-12-17</subfield>
    <subfield code="s">2018-11-28</subfield>
    <subfield code="u">ELECTRICAL ENGINEERING</subfield>
    <subfield code="v">250.00</subfield>
    <subfield code="w">2018-09-19</subfield>
    <subfield code="y">02</subfield>
  </datafield>
  <datafield tag="952" ind1=" " ind2=" ">
    <subfield code="0">0</subfield>
    <subfield code="1">0</subfield>
    <subfield code="2">ddc</subfield>
    <subfield code="4">0</subfield>
    <subfield code="7">0</subfield>
    <subfield code="a">01</subfield>
    <subfield code="b">01</subfield>
    <subfield code="d">2018-09-19</subfield>
    <subfield code="e">BHARAT BOOKS </subfield>
    <subfield code="g">250.00</subfield>
    <subfield code="i">480/18/09/2018 </subfield>
    <subfield code="l">2</subfield>
    <subfield code="p">01-B-127326</subfield>
    <subfield code="r">2024-01-30</subfield>
    <subfield code="s">2023-09-06</subfield>
    <subfield code="u">ELECTRICAL ENGINEERING</subfield>
    <subfield code="v">250.00</subfield>
    <subfield code="w">2018-09-19</subfield>
    <subfield code="y">02</subfield>
  </datafield>
  <datafield tag="952" ind1=" " ind2=" ">
    <subfield code="0">0</subfield>
    <subfield code="1">0</subfield>
    <subfield code="2">ddc</subfield>
    <subfield code="4">0</subfield>
    <subfield code="7">0</subfield>
    <subfield code="a">01</subfield>
    <subfield code="b">01</subfield>
    <subfield code="d">2018-09-19</subfield>
    <subfield code="e">BHARAT BOOKS </subfield>
    <subfield code="g">250.00</subfield>
    <subfield code="i">480/18/09/2018 </subfield>
    <subfield code="p">01-B-127327</subfield>
    <subfield code="r">2018-09-19</subfield>
    <subfield code="u">ELECTRICAL ENGINEERING</subfield>
    <subfield code="v">250.00</subfield>
    <subfield code="w">2018-09-19</subfield>
    <subfield code="y">02</subfield>
  </datafield>
  <datafield tag="952" ind1=" " ind2=" ">
    <subfield code="0">0</subfield>
    <subfield code="1">0</subfield>
    <subfield code="2">ddc</subfield>
    <subfield code="4">0</subfield>
    <subfield code="7">0</subfield>
    <subfield code="a">01</subfield>
    <subfield code="b">01</subfield>
    <subfield code="d">2018-09-19</subfield>
    <subfield code="e">BHARAT BOOKS </subfield>
    <subfield code="g">250.00</subfield>
    <subfield code="i">480/18/09/2018 </subfield>
    <subfield code="l">1</subfield>
    <subfield code="p">01-B-127328</subfield>
    <subfield code="r">2018-12-14</subfield>
    <subfield code="s">2018-10-04</subfield>
    <subfield code="u">ELECTRICAL ENGINEERING</subfield>
    <subfield code="v">250.00</subfield>
    <subfield code="w">2018-09-19</subfield>
    <subfield code="y">02</subfield>
  </datafield>
</record>
